000 00523nam a2200181Ia 4500
999 _c8309
_d8309
003 OSt
005 20210127095339.0
008 190216s9999||||xx |||||||||||||| ||und||
020 _a9789350135198
040 _coclc
082 _a658
_bPAR/U
100 _aParashar, Vidyapati
_98442
245 0 _aUGC- NET / JRF / SET Management (Paper 1) /
_cVidyapati Parashar
260 _bUpakar Prakashan,
_c2017.
_aAgra:
300 _a639p
650 _aManagement
942 _cREF
_2ddc
_h658
_iPAR/U
_k658
_mPAR/U